An introduction to sociolinguistics
Includes bibliographical references and index
Αποθηκεύτηκε σε:
| Κύριος συγγραφέας: | |
|---|---|
| Μορφή: | Βιβλίο |
| Γλώσσα: | Undetermined |
| Έκδοση: |
Chichester, West Sussex, U.K.
Wiley-Blackwell
2010
|
| Θέματα: | |
| Διαθέσιμο Online: | http://lrc.tdmu.edu.vn/opac/search/detail.asp?aID=2&ID=25514 |
| Ετικέτες: |
Προσθήκη ετικέτας
Δεν υπάρχουν, Καταχωρήστε ετικέτα πρώτοι!
|
| Thư viện lưu trữ: | Trung tâm Học liệu Trường Đại học Thủ Dầu Một |
|---|
| LEADER | 00689nam a2200205Ia 4500 | ||
|---|---|---|---|
| 001 | TDMU_25514 | ||
| 008 | 210410s9999 xx 000 0 und d | ||
| 082 | |a 306.44 | ||
| 090 | |b W109 | ||
| 100 | |a Wardhaugh, Ronald | ||
| 245 | 3 | |a An introduction to sociolinguistics | |
| 245 | 0 | |c Ronald Wardhaugh | |
| 260 | |a Chichester, West Sussex, U.K. | ||
| 260 | |b Wiley-Blackwell | ||
| 260 | |c 2010 | ||
| 300 | |a vi, 450 p. | ||
| 520 | |a Includes bibliographical references and index | ||
| 650 | |a Sociolinguistics; Ngôn ngữ học xã hội | ||
| 856 | |u http://lrc.tdmu.edu.vn/opac/search/detail.asp?aID=2&ID=25514 | ||
| 980 | |a Trung tâm Học liệu Trường Đại học Thủ Dầu Một | ||